Normal view
MARC view
Entry Nombre personal
001 - NÚMERO DE CONTROL
- campo de control: 30551
003 - IDENTIFICADOR DEL NÚMERO DE CONTROL
- campo de control: BNPHU
005 - FECHA Y HORA DE LA ÚLTIMA TRANSACCIÓN
- campo de control: 20240226144732.0
008 - DATOS DE LONGITUD FIJA
- campo de control de longitud fija: 200615|| aca||aabn | a|a d
040 ## - FUENTE DE LA CATALOGACIÓN
- Centro catalogador/agencia de origen: DO-SdBNP
- Lengua de catalogación: spa
- Centro/agencia transcriptor: BNPHU
- Normas de descripción: rda
100 1# - ENCABEZAMIENTO-NOMBRE DE PERSONA
- Nombre de persona: Jorge Blanco, Salvador,
- Fechas asociadas al nombre: 1926-2010
370 ## - LUGAR ASOCIADO
- Lugar de nacimiento: Santiago de los Caballeros (República Dominicana)
374 ## - OCUPACIÓN
- Ocupación: Político
- Ocupación: Abogado
- Ocupación: Escritor
375 ## - GÉNERO/SEXO
- Género/Sexo: Masculino
377 ## - LENGUA/LENGUAJE ASOCIADO
- Código del idioma: spa
400 1# - TRAZADO DE VÉASE--NOMBRE DE PERSONA
- Nombre de persona: Blanco, Salvador Jorge,
- Fechas asociadas al nombre: 1926-2010
510 ## - TRAZADO DE VÉASE ADEMÁS--NOMBRE DE ENTIDAD CORPORATIVA
- Nombre de entidad corporativa o nombre de jurisdicción como elemento de entrada: Republica Dominicana
- Unidad subordinada: Presidente (1982-1986 : Jorge Blanco)
670 ## - FUENTE DE DATOS ENCONTRADOS
- Cita de la fuente: República Dominicana. Presidente (1982-1986 : Jorge Blanco) 30550, Discurso ante la Asamblea Nacional :, 1986.
670 ## - FUENTE DE DATOS ENCONTRADOS
- Cita de la fuente: Discursos presidenciales, 1985:
- Información encontrada: (Dr. Salvador Jorge Blanco)
670 ## - FUENTE DE DATOS ENCONTRADOS
- Cita de la fuente: Encic. dominicana
- Información encontrada: (Jorge Blanco, Salvador; ex presidente de la república; asumió poder en agosto 16 de 1982; abandonara el poder 16 de agosto de 1986)
